000 00587nam a2200145Ia 4500
008 151213s9999 xx 000 0 und d
100 _aপ্রফেসর নিখিল ভট্টাচার্য
245 _aশ্রী কৃঞ চৈতন্য দীপিকা
_cপ্রফেসর নিখিল ভট্টাচার্য
260 _aঢাকা
_bসন্যাসলীলা
300 _a7419 p.
650 _aBangla
650 _aBengali Literature
700 _aপ্রফেসর নিখিল ভট্টাচার্য
999 _c3954
_d3954